书目信息 |
| 题名: |
服务营销精要
|
|
| 作者: | 霍夫曼, , 彼得森, , 霍夫曼 著 ;胡介埙 译 | |
| 分册: | ||
| 出版信息: | 大连 东北财经大学出版社 2004.10 |
|
| 页数: | 428页 | |
| 开本: | 27cm | |
| 丛书名: | 市场营销经典译丛 | |
| 单 册: | ||
| 中图分类: | F719 | |
| 科图分类: | ||
| 主题词: | 服务业--市场营销学 | |
| 电子资源: | ||
| ISBN: | 7-81084-354-0 | |
| 000 | 01455nam 2200337 450 | |
| 001 | 0131885530 | |
| 005 | 20050403085125.51 | |
| 010 | @a7-81084-354-0@d52.00CNY | |
| 100 | @a20050403d2004 km y0chiy0120 ea | |
| 101 | 0 | @achi@ceng |
| 102 | @aCN@b210000 | |
| 105 | @aa z 000yy | |
| 200 | 1 | @a服务营销精要@Afu wu ying xiao jing yao@e概念、策略和案例@f(美) 霍夫曼, 约翰·E.G.彼得森著@F(mei)huo fu man,yue han·E.G.bi de sen zhu@d= Essentials of services marketing@econcepts, strategies, & cases@fK. Douglas Hoffman, John E.G. Bateson@g胡介埙译@Ghu jie xuan yi@zeng |
| 210 | @a大连@c东北财经大学出版社@d2004.10 | |
| 215 | @a428页@c图@d27cm | |
| 225 | 2 | @a市场营销经典译丛 |
| 300 | @a"十五"国家重点图书出版规划项目 | |
| 305 | @a据原书第二版译出 | |
| 306 | @a本书简体中文版由汤姆森学出版集团授权出版 | |
| 330 | @a本书介绍了如何提高服务质量和服务水平、确保顾客满意、有效留住老顾客、积极开发新顾客等服务营销领域等方面内容。 | |
| 410 | 0 | @12001 @a市场营销经典译丛 |
| 510 | 1 | @aEssentials of services marketing@econcepts, strategies, & cases@zeng |
| 517 | 1 | @a概念、策略和案例@Agai nian、ce lue he an li |
| 606 | 0 | @a服务业@x市场营销学 |
| 690 | @aF719@v4 | |
| 701 | 1 | @a霍夫曼,@Ahuo fu man,@bK. D.@g(Hoffman, K. Douglas)@4著 |
| 701 | 1 | @a彼得森,@Abi de sen,@bJ. E. G.@g(Bateson, John E. G.)@4著 |
| 701 | 0 | @a霍夫曼@Ahuo fu man@4著 |
| 702 | 0 | @a胡介埙@Ahu jie xuan@4译 |
| 801 | 0 | @aCN@bRULIN@c20050403 |
| 905 | @a10447@dF719@eH968 | |
| 服务营销精要:概念、策略和案例/(美) 霍夫曼, 约翰·E.G.彼得森著= Essentials of services marketing:concepts, strategies, & cases/K. Douglas Hoffman, John E.G. Bateson/胡介埙译.-大连:东北财经大学出版社,2004.10 |
| 428页:图;27cm.-(市场营销经典译丛) |
| "十五"国家重点图书出版规划项目 |
| ISBN 7-81084-354-0:52.00CNY |
| 本书介绍了如何提高服务质量和服务水平、确保顾客满意、有效留住老顾客、积极开发新顾客等服务营销领域等方面内容。 |
| ● |
| 相关链接 |
|
|
|
正题名:服务营销精要
索取号:F719/H968
 
预约/预借
| 序号 | 登录号 | 条形码 | 馆藏地/架位号 | 状态 | 备注 |
| 1 | 521202 | 205212027 | 社科二线422/409社科库 27排4列1层/ [索取号:F719/H968] | 在馆 | |
| 2 | 521203 | 205212036 | 社科二线422/409社科库 27排4列1层/ [索取号:F719/H968] | 在馆 | |
| 3 | 521204 | 205212045 | 社科库409/409社科库 46排2列3层/ [索取号:F719/H968] | 在馆 |